Fred Zinnemann Filmography - Statistics

General Stats
  • This quiz has been taken 4 times
  • The average score is 3 of 58
Answer Stats
Type Year Name % Correct
Film Director 1952 High Noon
67%
Film Director 1966 A Man for All Seasons
33%
Film Production 1966 A Man for All Seasons
33%
Short Documentary Director 1951 Benjy
33%
Short Documentary Production 1951 Benjy
33%
Film Director 1951 Teresa
33%
Film Director 1959 The Nun's Story
33%
Film Production 1959 The Nun's Story
33%
Film Director 1948 Act of Violence
0%
Film Director 1973 A Day of the Jackal
0%
Film Director 1957 A Hatful of Rain
0%
Film Cameo 1930 All Quiet on the Western Front
0%
Short Film Director 1940 A Way in the Wilderness
0%
Film Director 1964 Behold a Pale Horse
0%
Film Production 1964 Behold a Pale Horse
0%
TV Show Director 1958 Decision
0%
Film Director 1942 Eyes in the Night
0%
Film Director 1982 Five Days One Summer
0%
Film Production 1982 Five Days One Summer
0%
Short Film Director 1941 Forbidden Passage
0%
Short Film Director 1939 Forgotten Victory
0%
TV Documentary Appearance 1983 Fred Zinnemann - Ein Hollywoodregisseur
0%
Short Film Director 1937 Friend Indeed
0%
Film Director 1953 From Here to Eternity
0%
Short Film Director 1939 Help Wanted
0%
Film Director 1977 Julia
0%
Film Director 1942 Kid Glove Killer
0%
Film Director 1946 Little Mister Jim
0%
Film Director 1947 My Brother Talks to Horses
0%
Film Director 1955 Oklahoma!
0%
Short Film Director 1939 One Against the World
0%
Film Director 1930 People on Sunday
0%
Film Director 1936 Redes
0%
Film Screenplay 1936 Redes
0%
TV Show Director 1956 Screen Directors Playhouse
0%
TV Show Appearance 1956 Screen Directors Playhouse
0%
Short Film Director 1940 Stuffie
0%
Short Film Director 1938 That Mothers Might Live
0%
Short Film Director 1939 The Ash Can Fleet
0%
Film Director 1945 The Clock
0%
Short Film Director 1940 The Great Meddler
0%
Short Film Director 1942 The Greenie
0%
Short Film Director 1942 The Lady or the Tiger?
0%
Film Director 1952 The Member of the Wedding
0%
Film Director 1950 The Men
0%
Film Director 1958 The Old Man and the Sea
0%
Short Documentary Director 1940 The Old South
0%
Film Director 1948 The Search
0%
Film Cameo 1948 The Search
0%
Film Director 1944 The Seventh Cross
0%
Short Film Director 1938 The Story of Doctor Carver
0%
Film Director 1960 The Sundowners
0%
Short Documentary Director 1938 They Live Again
0%
Documentary Series Appearance 1956 This Is Your Life
0%
Short Film Director 1938 Tracking the Sleeping Death
0%
Short Documentary Director 1939 Weather Wizards
0%
Short Film Director 1939 While America Sleeps
0%
Short Film Director 1941 Your Last Act
0%
No matching quizzes found
Score Distribution
Percent of People with Each Score
Percentile by Number Answered
Your Score History
You have not taken this quiz